The new compact topical Bible / (Record no. 6681)

MARC details
000 -LEADER
fixed length control field 01402cam a2200397 i 4500
001 - CONTROL NUMBER
control field 460479
003 - CONTROL NUMBER IDENTIFIER
control field GBCCL
005 - DATE AND TIME OF LATEST TRANSACTION
control field 20241126110608.0
008 - FIXED-LENGTH DATA ELEMENTS--GENERAL INFORMATION
fixed length control field 730130s1972 miu di 000 0 eng
010 ## -
-- 72083885
020 ## - INTERNATIONAL STANDARD BOOK NUMBER
International Standard Book Number 0310343100
020 ## - INTERNATIONAL STANDARD BOOK NUMBER
International Standard Book Number 9780310343103
035 ## - SYSTEM CONTROL NUMBER
System control number (OCoLC)ocm00578133
035 ## - SYSTEM CONTROL NUMBER
System control number (OCoLC)578133
Canceled/invalid control number (OCoLC)779535439
040 ## - CATALOGING SOURCE
Original cataloging agency DLC
Language of cataloging eng
Description conventions rda
Transcribing agency DLC
Modifying agency OCLCQ
-- BTCTA
-- OCLCG
-- OCLCO
-- OCLCF
-- PRP
-- OCLCQ
-- SP1
-- LBB
049 ## -
-- LBBC
050 00 -
-- BS432
-- .W48
082 00 - DEWEY DECIMAL CLASSIFICATION NUMBER
Classification number 220.3
Item number NEW
100 1# - MAIN ENTRY--PERSONAL NAME
Personal name Wharton, Gary C.,
Dates associated with a name 1940-
Relator term compiler.
9 (RLIN) 11938
245 14 - TITLE STATEMENT
Title The new compact topical Bible /
Statement of responsibility, etc. compiled by Gary Wharton.
264 #1 - PRODUCTION, PUBLICATION, DISTRIBUTION, MANUFACTURE, AND COPYRIGHT NOTICE
Place of production, publication, distribution, manufacture Grand Rapids, MI :
Name of producer, publisher, distributor, manufacturer Zondervan Publishing House,
Date of production, publication, distribution, manufacture, or copyright notice [1972]
300 ## - PHYSICAL DESCRIPTION
Extent [5], 536 pages ;
Dimensions 19 cm
336 ## - CONTENT TYPE
Content type term text
Content type code txt
Source rdacontent
337 ## - MEDIA TYPE
Media type term unmediated
Media type code n
Source rdamedia
338 ## - CARRIER TYPE
Carrier type term volume
Carrier type code nc
Source rdacarrier
490 1# - SERIES STATEMENT
Series statement The Bible handbook series
500 ## - GENERAL NOTE
General note "A compact edition of The Zondervan Topical Bible ... edited by Edward Viening."
630 00 - SUBJECT ADDED ENTRY--UNIFORM TITLE
Uniform title Bible
Form subdivision Indexes.
9 (RLIN) 1864
630 00 - SUBJECT ADDED ENTRY--UNIFORM TITLE
Uniform title Bible
Form subdivision Dictionaries.
9 (RLIN) 1814
630 07 - SUBJECT ADDED ENTRY--UNIFORM TITLE
Uniform title Bible.
Source of heading or term fast
Authority record control number or standard number (OCoLC)fst01356024
9 (RLIN) 599
655 #7 - INDEX TERM--GENRE/FORM
Genre/form data or focus term Dictionaries.
Source of term fast
Authority record control number or standard number (OCoLC)fst01423826
9 (RLIN) 3629
655 #7 - INDEX TERM--GENRE/FORM
Genre/form data or focus term Indexes.
Source of term fast
Authority record control number or standard number (OCoLC)fst01423761
9 (RLIN) 1865
700 1# - ADDED ENTRY--PERSONAL NAME
Personal name Viening, Edward.
Title of a work Zondervan topical Bible.
9 (RLIN) 11939
830 #0 -
-- Bible handbook series.
-- 11940
942 ## - ADDED ENTRY ELEMENTS (KOHA)
Source of classification or shelving scheme Dewey Decimal Classification
Koha item type Reference Books
Holdings
Withdrawn status Lost status Source of classification or shelving scheme Damaged status Not for loan Home library Current Library Shelving location Date acquired Total checkouts Full call number Barcode Date last seen Copy number Price effective from Koha item type
    Dewey Decimal Classification     GRACE BIBLE COLLEGE GRACE BIBLE COLLEGE Dictionary 2018-05-24   220.3 NEW 007131 2025-05-01 c.1 2018-05-24 Reference Books
    Dewey Decimal Classification     GRACE BIBLE COLLEGE GRACE BIBLE COLLEGE Dictionary 2018-05-24   220.3 NEW 007141 2025-05-01 c.2 2018-05-24 Reference Books
© Grace Bible College Library 2025